The NHL Teams of Adam Oates - Statistics

General Stats
  • This quiz has been taken 20 times
  • The average score is 6 of 7
Answer Stats
Years Answer % Correct
1992-1997 Boston Bruins
95%
1989-1992 St. Louis Blues
95%
2003-2004 Edmonton Oilers
90%
1985-1989 Detroit Red Wings
85%
1997-2002 Washington Capitals
85%
2002-2003 Mighty Ducks of Anaheim
75%
2002 Philadelphia Flyers
65%
No matching quizzes found
Score Distribution
Percent of People with Each Score
Percentile by Number Answered
Your Score History
You have not taken this quiz